000 00419nab a2200145Ia 4500
003 ES-SlBCS
005 20210601140453.0
008 140529s2005 xxu||||| |||| 00| 0 spa d
041 _aspa
100 1 _aPriede, Jaime
_9244889
245 0 0 _aLa obstinación por sobrevivir
_c Jaime Priede
650 0 4 _aSobrevivir
_9156135
773 0 _tCuadernos Hispanoamericanos
_gnº. 657, 2005, págs. 129-131
_wRev1135
942 _cAR
999 _c645066
_d645066